000 00571cam a22002052a 4500
001 008289
003 AR-FADEU
008 311216n1972####xxu####################dd
020 _a019-431123-6
092 _a423
_bL677
_eEYDI
100 _aLewisBWindsor J
245 _aA concise pronouncing dictionary of british and american english
260 _aLondon
260 _bOxford University
260 _c1972
300 _axx, 233 p
650 _a/LINGUISTICA/INGLES-DICCIONARIOS; PRONUNCIACION; DICCIONARIOS/REVISADO//EYDI/
546 _aInglés
942 _cEYDI
999 _c14102
_d14102